STUDIES IN MODERN CHINESE LITERARY CRITICISM: III. CH'IEN HSING-TS'UN AND THE THEORY OF PROLETARIAN REALISM

Bibliographic Details
Main Author: Gálik, Marián, 1933-2024 (Author)
Format: Article
Language:English

MARC

LEADER 00000nab a2200000ua 4500
001 vtls010839680
003 SK-MaSNL
005 20260304012237.0
008 230222s1969 xo |||||||||||||||||eng|
035 |a (urnnbn)urn:nbn:sk:snk:ar-a06wvk 
035 |a urn:nbn:sk:snk-ab62n4 
035 |a (uuid)eb895d20-5fc8-4a52-95b8-c20ba83447e8 
040 |a SNKBUCL  |b slo  |c SNKBUCL  |e AACR2 
041 0 |a eng 
044 |a xo  |c SK 
100 1 |a Gálik, Marián,  |d 1933-2024  |4 aut  |9 92472 
245 1 0 |a STUDIES IN MODERN CHINESE LITERARY CRITICISM: III. CH'IEN HSING-TS'UN AND THE THEORY OF PROLETARIAN REALISM  |c Marián Gálik 
773 0 |t Asian and African studies  |g Roč. 5, č. 1 (1969), s. 49-70 
958 |a OND 
958 |a EUIPO 
958 |a article5 
999 |c 2570696  |d 2572626